000
00299nam a2200133Ia 4500
005
20251222144854.0
008
251222s9999||||xx |||||||||||||| ||spa||
082
_a
851.91/P27E
100
_a
Pasolini, Pier Paolo
245
0
_a
Teorema
250
_a
8a.ed.
264
_b
Sudamericana
942
_c
LIB
999
_c
21711
_d
21711